000 00465nam a2200169Ia 4500
008 090124s9999 xx 000 0 und d
082 _b19643
100 _aआपटे हरि नारायण
245 _a उष:काल
250 _a0
300 _a472
600 _aआपटे हरि नारायण
630 _a उष:काल
700 _aआपटे हरि नारायण
730 _a उष:काल
942 _cBOOK
999 _c90537
_d90537